Statistics for -Ture Vocabulary Words #2

Click here to take the quiz!

General Stats

  • This quiz has been taken 95 times
  • The average score is 15 of 20

Answer Stats

hintword% Correct
this causes a flat tirepuncture
95%
autographsignature
95%
tomorrow, or next week, or next yearfuture
92%
to take prisonercapture
89%
bird of preyvulture
89%
cracking of bone or rockfracture
85%
smallminiature
78%
grassland for grazingpasture
78%
sacred religious writingscripture
77%
body positionposture
75%
produce goods on a large scalemanufacture
73%
something, eg a light, securely attached
to a building
fixture
68%
care for someone while they are growingnurture
68%
needle-based medical treatmentacupuncture
67%
leaving to start a journeydeparture
64%
water droplets on a surfacemoisture
62%
cultivation of fruits, vegetables, plants
and ornamental flowers
horticulture
60%
opinion based on incomplete informationconjecture
56%
governing body of a nationlegislature
47%
the way a whole society worksculture
45%

Score Distribution

Percentile by Number Answered

Percent of People with Each Score

Your Score History

You have not taken this quiz